• 首页
  • 本馆介绍
  • 公告通知
  • 最新文献
  • 馆藏检索
  • 电子资源
  • 读者导购
  • 参考咨询
  • 我的图书馆
  • 登录
  • 详细信息显示
  • 放入我的书架
  • 预约/预借图书
  • 作者相关作品
  • 分类相关作品
  • 丛书相关作品
  • 出版社相关作品

书目信息

  • 表格格式
  • 工作单格式
  • 卡片格式
题名:
阳光教育的研究与实践
    
 
作者: 邓春艳 , 秦四年 主编
分册:  
出版信息: 长沙   中南大学出版社  2017.5
页数: 12, 264页
开本: 24cm
丛书名:
单 册:
中图分类: G63
科图分类:
主题词: 中小学教育--教学研究
电子资源:
ISBN: 978-7-5487-2783-5
000 01127nam0 2200277 45
001 012001002620
005 20140823142325.0
010    @a978-7-5487-2783-5@dCNY38.00
099    @aCAL 012017132018
100    @a20170818d2017 em y0chiy0110 ea
101 0  @achi
102    @aCN@b430000
105    @aak z 000yy
106    @ar
200 1  @a阳光教育的研究与实践@Ayang guang jiao yu de yan jiu yu shi jian@f主编邓春艳, 秦四年
210    @a长沙@c中南大学出版社@d2017.5
215    @a12, 264页@c彩图@d24cm
300    @a培养能够在未来社会生存与发展的人
314    @a邓春艳, 永州市人, 从事教育工作28年, 2006年任校长至今, 现任永州市冷水滩区舜德小学校长。
330    @a本书共分八章, 阳光课堂研究的理论基础、阳光校园与德育、阳光教师、阳光课堂、阳光课堂优秀教学设计、阳光课堂教学实践、阳光课堂的评价、阳光社团活动等。主要内容包括: 建构主义学习理论 ; 如何把建构主义学习理论运用到教学实践中 ; 走学校教育内涵式发展之路等。
606 0  @a中小学教育@x教学研究
690    @aG63@v5
701  0 @a邓春艳@Adeng chun yan@4主编
701  0 @a秦四年@Aqin si nian@4主编
801    @aCN@bAHXH@c20210922
905    @b1254908-12@dG63@e1187@f5
    
    阳光教育的研究与实践/主编邓春艳, 秦四年.-长沙:中南大学出版社,2017.5
    12, 264页:彩图;24cm
    培养能够在未来社会生存与发展的人
    
    ISBN 978-7-5487-2783-5:CNY38.00
    本书共分八章, 阳光课堂研究的理论基础、阳光校园与德育、阳光教师、阳光课堂、阳光课堂优秀教学设计、阳光课堂教学实践、阳光课堂的评价、阳光社团活动等。主要内容包括: 建构主义学习理论 ; 如何把建构主义学习理论运用到教学实践中 ; 走学校教育内涵式发展之路等。
●
相关链接 在E读中查询图书 在五车中查询图书 在当当中查询图书 在豆瓣中查询图书


正题名:阳光教育的研究与实践     索取号:G63/1187         预约/预借

序号 登录号 条形码 馆藏地/架位号 状态 备注
1 1254908   212549081   第一样本阅览室/ [索取号:G63/1187] 在馆    
2 1254909   212549090   教育系资料室/ [索取号:G63/1187] 在馆    
3 1254910   212549107   教育系资料室/ [索取号:G63/1187] 在馆    
4 1254911   212549116   第四借阅区/ [索取号:G63/1187] 在馆    
5 1254912   212549125   第四借阅区/ [索取号:G63/1187] 在馆    
唐山师范学院图书馆 欢迎您!
大连网信软件有限公司© 版权所有